[Event "Ljubljana op 2nd"]
[Site "Ljubljana"]
[Date "2014.06.10"]
[Round "8"]
[White "Markosek, Maj"]
[Black "Bogataj, Tomaz"]
[Result "1-0"]
[WhiteElo "1702"]
[BlackElo "1697"]
[PlyCount "105"]
[EventDate "2014.04.02"]
[EventType "swiss"]
[EventRounds "9"]
[EventCountry "SLO"]
[SourceTitle "EXT 2023"]
[Source "ChessBase"]
[SourceDate "2022.10.05"]
[SourceVersion "1"]
[SourceVersionDate "2022.10.05"]
[SourceQuality "1"]

1. d4 c6 2. c4 g6 3. Nc3 Bg7 4. e4 d6 5. f3 e6 6. Be3 Ne7 7. Qd2 h6 8. Nge2 b6 9. Ng3 Bb7 10. Be2 Nd7 11. a3 Nf6 12. Rc1 Qc7 13. b4 Rc8 14. 0-0 0-0 15. Bxh6 Kh7 16. Bxg7 Kxg7 17. Rfd1 Rh8 18. Qe3 Rh6 19. h3 Rch8 20. e5 Nd7 21. f4 a6 22. d5 Nf8 23. exd6 Qxd6 24. Qd4+ f6 25. Qxf6+ Kxf6 26. Nce4+ Kg7 27. Nxd6 Ba8 28. dxe6 Nxe6 29. f5 Nf4 30. Bf3 Rf8 31. f6+ Kxf6 32. Nde4+ Kf7 33. Ng5+ Kg8 34. Rd7 Nf5 35. Nxf5 gxf5 36. Re1 Rg6 37. h4 Rh6 38. g3 Ng6 39. Re6 c5 40. Bxa8 Rxa8 41. h5 Nf8 42. Rxh6 Nxd7 43. Rg6+ Kh8 44. Nf7+ Kh7 45. Rd6 Ra7 46. Ng5+ Kh8 47. h6 cxb4 48. axb4 Kg8 49. c5 bxc5 50. bxc5 a5 51. c6 Nf8 52. Rd8 a4 53. h7+ 1-0

[Event "Ljubljana op 2nd"]
[Site "Ljubljana"]
[Date "2014.05.08"]
[Round "5"]
[White "Bogataj, Tomaz"]
[Black "Unuk, Robert"]
[Result "1-0"]
[WhiteElo "1697"]
[BlackElo "1499"]
[PlyCount "33"]
[EventDate "2014.04.02"]
[EventType "swiss"]
[EventRounds "9"]
[EventCountry "SLO"]
[SourceTitle "EXT 2023"]
[Source "ChessBase"]
[SourceDate "2022.10.05"]
[SourceVersion "1"]
[SourceVersionDate "2022.10.05"]
[SourceQuality "1"]

1. d4 d5 2. e3 Nf6 3. c4 e6 4. Nc3 c5 5. Nf3 Nc6 6. dxc5 Bxc5 7. a3 d4 8. Na4 Bb6 9. Nxb6 Qxb6 10. exd4 0-0 11. Bd3 Rd8 12. c5 Qc7 13. 0-0 Nxd4 14. Nxd4 Qd7 15. Be3 h6 16. Bb5 Qd5 17. Nf3 1-0

[Event "SLO-chT1 West"]
[Site "Ljubljana"]
[Date "2013.10.27"]
[Round "9"]
[White "Brcar, Matej"]
[Black "Bogataj, Tomaz"]
[Result "1/2-1/2"]
[WhiteElo "1703"]
[BlackElo "1705"]
[PlyCount "87"]
[EventDate "2013.09.27"]
[EventType "team-tourn"]
[EventRounds "9"]
[EventCountry "SLO"]
[SourceTitle "EXT 2019"]
[Source "ChessBase"]
[SourceDate "2018.10.10"]
[SourceVersion "1"]
[SourceVersionDate "2018.10.10"]
[SourceQuality "1"]
[WhiteTeam "Trebnje BMP"]
[BlackTeam "Podpec SD"]
[WhiteTeamCountry "SLO"]
[BlackTeamCountry "SLO"]

1. e4 e6 2. d4 d5 3. exd5 exd5 4. Bd3 Nf6 5. c3 Bd6 6. Nf3 0-0 7. 0-0 Bg4 8. Nbd2 c6 9. Qb3 Qc7 10. c4 Nbd7 11. h3 dxc4 12. Qxc4 Be6 13. Qc2 Bd5 14. Ng5 g6 15. Nge4 Nxe4 16. Bxe4 Nf6 17. Bxd5 Nxd5 18. Ne4 Bf4 19. Bxf4 Qxf4 20. Rad1 Rae8 21. Nc5 Re7 22. Rfe1 Rfe8 23. Rxe7 Rxe7 24. Qd2 Qh4 25. Nb3 Kg7 26. Re1 Rxe1+ 27. Qxe1 Qe7 28. Qe5+ Qxe5 29. dxe5 Nb4 30. Nc1 g5 31. a3 Nd5 32. Nb3 Nf4 33. Na5 Nd3 34. b4 c5 35. bxc5 Nxc5 36. Kf1 b6 37. Nc6 a5 38. Ke2 f5 39. exf6+ Kxf6 40. Ke3 Ke6 41. Kd4 Kd6 42. Nd8 Ke7 43. Nc6+ Kd6 44. Nd8 1/2-1/2

[Event "Ljubljana op 2nd"]
[Site "Ljubljana"]
[Date "2013.05.28"]
[Round "5"]
[White "Korosec, Stefan"]
[Black "Bogataj, Tomaz"]
[Result "1/2-1/2"]
[WhiteElo "1727"]
[BlackElo "1723"]
[PlyCount "89"]
[EventDate "2013.04.03"]
[EventType "swiss"]
[EventRounds "9"]
[EventCountry "SLO"]
[SourceTitle "EXT 2023"]
[Source "ChessBase"]
[SourceDate "2022.10.05"]
[SourceVersion "1"]
[SourceVersionDate "2022.10.05"]
[SourceQuality "1"]

1. d4 Nf6 2. c4 g6 3. Nc3 d6 4. e4 Bg7 5. Nf3 0-0 6. Be2 e5 7. d5 Nbd7 8. 0-0 b6 9. b4 a5 10. b5 Nc5 11. Qc2 Nfxe4 12. Nxe4 Bf5 13. Bd3 Bxe4 14. Bxe4 f5 15. Nd2 fxe4 16. Nxe4 Nxe4 17. Qxe4 Qf6 18. Bd2 Qf5 19. f3 Qh5 20. Rf2 Bh6 21. Bxh6 Qxh6 22. g3 Qh3 23. Raf1 Rf6 24. Qe3 Raf8 25. f4 exf4 26. Rxf4 Qh6 27. Qe4 Rxf4 28. Rxf4 Rxf4 29. gxf4 Qf8 30. Kg2 Qf6 31. Qe8+ Kg7 32. Qd7+ Qf7 33. Qd8 h6 34. Kg3 Kh7 35. Qc8 Qg7 36. Qe6 Qc3+ 37. Kg2 h5 38. Qe7+ Qg7 39. Qd8 Qb2+ 40. Kg3 Qc3+ 41. Kg2 Qg7 42. a4 Qf7 43. Kg3 Qg7 44. Kg2 Qb2+ 45. Kg3 1/2-1/2

[Event "Ljubljana op 2nd"]
[Site "Ljubljana"]
[Date "2013.05.22"]
[Round "6"]
[White "Bogataj, Tomaz"]
[Black "Cerne, Peter"]
[Result "1-0"]
[WhiteElo "1723"]
[BlackElo "1417"]
[PlyCount "143"]
[EventDate "2013.04.03"]
[EventType "swiss"]
[EventRounds "9"]
[EventCountry "SLO"]
[SourceTitle "EXT 2023"]
[Source "ChessBase"]
[SourceDate "2022.10.05"]
[SourceVersion "1"]
[SourceVersionDate "2022.10.05"]
[SourceQuality "1"]

1. d4 d5 2. e3 e6 3. c4 c6 4. Nf3 Nf6 5. Nc3 Be7 6. Bd3 Nbd7 7. 0-0 0-0 8. Qc2 dxc4 9. Bxc4 Nd5 10. Nxd5 exd5 11. Bd3 Nf6 12. a3 a6 13. b4 Bg4 14. Bd2 Rc8 15. Kh1 Ne4 16. Bxe4 dxe4 17. Qxe4 f5 18. Qe6+ Kh8 19. Ne5 Bh5 20. f4 Rf6 21. Qc4 Qd5 22. Rac1 Qxc4 23. Nxc4 b5 24. Ne5 Be8 25. Be1 Rf8 26. Rf2 Bh4 27. g3 Bf6 28. Rfc2 Bxe5 29. dxe5 Bf7 30. Bc3 Bd5+ 31. Kg1 Be4 32. Rd2 Rfd8 33. Rxd8+ Rxd8 34. Bd4 h6 35. Kf2 Kg8 36. Ke2 Kf7 37. e6+ Kxe6 38. Bxg7 h5 39. Bd4 Rd7 40. h4 Rd8 41. Rc5 Bd5 42. Rc1 Rg8 43. Kf2 Rd8 44. Re1 Be4 45. Ra1 Bc2 46. Rc1 Be4 47. Rc5 Bd5 48. g4 hxg4 49. h5 Rd7 50. h6 Rf7 51. Bg7 Rxg7 52. hxg7 Kf7 53. Kg3 Kxg7 54. Rc2 Kf6 55. Rh2 Be4 56. Rh7 Ke6 57. Ra7 Kd5 58. Rxa6 Kc4 59. Ra7 Kb3 60. Re7 Kxa3 61. Rxe4 fxe4 62. f5 Kxb4 63. f6 c5 64. f7 c4 65. f8Q+ Kb3 66. Qf1 c3 67. Qxb5+ Ka3 68. Kxg4 c2 69. Qc5+ Kb2 70. Kf4 c1Q 71. Qxc1+ Kxc1 72. Kxe4 1-0

[Event "Ljubljana op 2nd"]
[Site "Ljubljana"]
[Date "2013.04.24"]
[Round "3"]
[White "Bogataj, Tomaz"]
[Black "Markosek, Maj"]
[Result "0-1"]
[WhiteElo "1723"]
[BlackElo "1656"]
[PlyCount "42"]
[EventDate "2013.04.03"]
[EventType "swiss"]
[EventRounds "9"]
[EventCountry "SLO"]
[SourceTitle "EXT 2023"]
[Source "ChessBase"]
[SourceDate "2022.10.05"]
[SourceVersion "1"]
[SourceVersionDate "2022.10.05"]
[SourceQuality "1"]

1. d4 Nf6 2. c4 e6 3. Nf3 b6 4. Nc3 Bb4 5. Bd2 Bb7 6. e3 d6 7. Be2 Nbd7 8. 0-0 0-0 9. a3 Bxc3 10. Bxc3 c5 11. b4 Ne4 12. Bb2 Qe7 13. dxc5 bxc5 14. b5 f5 15. Qc2 e5 16. Rad1 Rf6 17. g3 Rh6 18. Nh4 Qxh4 19. gxh4 Rg6+ 20. Bg4 Rxg4+ 21. Kh1 Nxf2# 0-1

[Event "Ljubljana Autumn op"]
[Site "Ljubljana"]
[Date "2012.10.17"]
[Round "7"]
[White "Bogataj, Tomaz"]
[Black "Novakovic, Julian"]
[Result "0-1"]
[WhiteElo "1731"]
[BlackElo "1816"]
[PlyCount "80"]
[EventDate "2012.09.05"]
[EventType "swiss"]
[EventRounds "9"]
[EventCountry "SLO"]
[SourceTitle "EXT 2023"]
[Source "ChessBase"]
[SourceDate "2022.10.05"]
[SourceVersion "1"]
[SourceVersionDate "2022.10.05"]
[SourceQuality "1"]

1. d4 d6 2. c4 e5 3. d5 f5 4. Nc3 Nf6 5. Bg5 h6 6. Bxf6 Qxf6 7. e4 Na6 8. Bd3 f4 9. Nf3 Bd7 10. a3 Nc5 11. Bc2 b6 12. b4 Nb7 13. Ba4 Qe7 14. Bc6 Bxc6 15. dxc6 Nd8 16. b5 Ne6 17. Nd5 Qf7 18. Nd2 a5 19. a4 Qg6 20. Qf3 0-0-0 21. Nb3 Kb8 22. h4 Qh7 23. Qe2 g5 24. f3 Qg7 25. 0-0-0 gxh4 26. Rxh4 Rg8 27. Rg1 Qg3 28. Rhh1 Rg5 29. Nf6 Rg6 30. Ng4 Rxg4 31. fxg4 Qxb3 32. Qc2 Qa3+ 33. Kd2 Nd4 34. Qd3 Qb2+ 35. Kd1 d5 36. Qd2 Qb1+ 37. Qc1 Qb3+ 38. Ke1 Bb4+ 39. Kf1 Qd3+ 40. Kf2 Qe2# 0-1

[Event "SLO-chT1 West"]
[Site "Ljubljana"]
[Date "2012.10.14"]
[Round "9.6"]
[White "Starc, Enej"]
[Black "Bogataj, Tomaz"]
[Result "1/2-1/2"]
[WhiteElo "1810"]
[BlackElo "1731"]
[PlyCount "59"]
[EventDate "2012.09.21"]
[EventType "team-tourn"]
[EventRounds "9"]
[EventCountry "SLO"]
[SourceTitle "EXT 2022"]
[Source "ChessBase"]
[SourceDate "2021.10.06"]
[SourceVersion "1"]
[SourceVersionDate "2021.10.06"]
[SourceQuality "1"]
[WhiteTeam "Sezana"]
[BlackTeam "Podpec"]
[WhiteTeamCountry "SLO"]
[BlackTeamCountry "SLO"]

1. e4 e6 2. d4 d5 3. e5 c5 4. c3 Nc6 5. Nf3 cxd4 6. cxd4 Bb4+ 7. Bd2 Bxd2+ 8. Qxd2 Nge7 9. Bd3 0-0 10. 0-0 Bd7 11. Nc3 a6 12. Rac1 Ng6 13. g3 f5 14. Ne2 h6 15. Rc5 Qe7 16. Rfc1 Rac8 17. a3 Ncxe5 18. Ne1 Nxd3 19. Nxd3 Rxc5 20. Rxc5 Bc6 21. f4 Qd6 22. Rc1 Rc8 23. Nc5 Ne7 24. Nc3 Rc7 25. Re1 Bd7 26. Qe2 Kf7 27. Qh5+ Kg8 28. Qe2 Kf7 29. Qh5+ Kg8 30. Qe2 1/2-1/2

[Event "Ljubljana Autumn op"]
[Site "Ljubljana"]
[Date "2012.10.02"]
[Round "4"]
[White "Bogataj, Tomaz"]
[Black "Piber, Vinko"]
[Result "1-0"]
[WhiteElo "1731"]
[BlackElo "1793"]
[PlyCount "79"]
[EventDate "2012.09.05"]
[EventType "swiss"]
[EventRounds "9"]
[EventCountry "SLO"]
[SourceTitle "EXT 2023"]
[Source "ChessBase"]
[SourceDate "2022.10.05"]
[SourceVersion "1"]
[SourceVersionDate "2022.10.05"]
[SourceQuality "1"]

1. d4 Nf6 2. c4 e6 3. Nc3 d5 4. e3 Bb4 5. Bd2 0-0 6. Nf3 a6 7. Bd3 dxc4 8. Bxc4 b5 9. Bd3 Bb7 10. 0-0 c5 11. Be2 Nc6 12. dxc5 Bxc5 13. Rc1 Qb6 14. a3 Rfd8 15. Qc2 Bd6 16. e4 Nd4 17. Nxd4 Qxd4 18. Be3 Qe5 19. f4 Bxe4 20. fxe5 Bxc2 21. exf6 Bg6 22. fxg7 Kxg7 23. Bg5 Rd7 24. Bf6+ Kg8 25. Rfd1 Bc5+ 26. Kh1 Rxd1+ 27. Nxd1 Bf8 28. Bf3 Rb8 29. Ne3 Bh6 30. Re1 b4 31. Ng4 Bd2 32. Rd1 Bf4 33. axb4 Bc7 34. Rd7 Bb6 35. Be5 Rc8 36. h3 Rc1+ 37. Kh2 Bg1+ 38. Kg3 Rc8 39. Bb7 Rb8 40. Bxb8 1-0

[Event "SLO-chT Cup"]
[Site "Ljubljana"]
[Date "2012.09.15"]
[Round "3.44"]
[White "Bogataj, Tomaz"]
[Black "Unuk, Laura"]
[Result "0-1"]
[WhiteElo "1731"]
[BlackElo "1938"]
[PlyCount "94"]
[EventDate "2012.09.14"]
[EventType "team-swiss"]
[EventRounds "5"]
[EventCountry "SLO"]
[SourceTitle "EXT 2015"]
[Source "ChessBase"]
[SourceDate "2014.11.20"]
[SourceVersion "1"]
[SourceVersionDate "2014.11.20"]
[SourceQuality "1"]
[WhiteTeam "Podpec"]
[BlackTeam "Komenda"]
[WhiteTeamCountry "SLO"]
[BlackTeamCountry "SLO"]

1. d4 g6 2. c4 Bg7 3. Nf3 Nf6 4. Nc3 d6 5. e4 0-0 6. h3 Nbd7 7. Be3 e5 8. d5 a5 9. Bd3 Ne8 10. 0-0 h6 11. Qd2 Kh7 12. Qc2 Nc5 13. Bxc5 dxc5 14. a3 Qe7 15. Ne2 a4 16. Ng3 Nd6 17. b4 axb3 18. Qxb3 f5 19. Ra2 f4 20. Ne2 g5 21. Kh2 h5 22. Rh1 Kg6 23. Kg1 Bf6 24. Nd2 g4 25. hxg4 hxg4 26. Ra1 Bg5 27. Qb2 Bd7 28. Kf1 Rh8 29. Rg1 Rae8 30. Ke1 Qf6 31. Kd1 f3 32. gxf3 gxf3 33. Ng3 Rh2 34. Ndf1 Rg2 35. Rh1 b5 36. cxb5 c4 37. Bb1 Nxb5 38. Rh2 Nd4 39. Qxd4 Ba4+ 40. Ke1 exd4 41. e5+ Kf7 42. e6+ Kg8 43. Bh7+ Kf8 44. Rh3 d3 45. Rb1 Qc3+ 46. Nd2 Qxd2+ 47. Kf1 Qxf2# 0-1

[Event "Ljubljana Winter op"]
[Site "Ljubljana"]
[Date "2012.01.11"]
[Round "2"]
[White "Markoja, Sebastijan"]
[Black "Bogataj, Tomaz"]
[Result "1-0"]
[WhiteElo "1963"]
[BlackElo "1681"]
[PlyCount "41"]
[EventDate "2012.01.04"]
[EventType "swiss"]
[EventRounds "9"]
[EventCountry "SLO"]
[SourceTitle "EXT 2023"]
[Source "ChessBase"]
[SourceDate "2022.10.05"]
[SourceVersion "1"]
[SourceVersionDate "2022.10.05"]
[SourceQuality "1"]

1. e4 e6 2. d4 d5 3. Nd2 Nf6 4. e5 Nfd7 5. Bd3 c5 6. c3 Nc6 7. Ne2 Qb6 8. Nf3 cxd4 9. cxd4 Bb4+ 10. Kf1 h6 11. h4 Qa5 12. Rh3 Qd8 13. Rg3 Kf8 14. Nf4 Nb6 15. Nh5 g6 16. Bxg6 fxg6 17. Rxg6 Ne7 18. Bxh6+ Kf7 19. Rg7+ Kf8 20. Rh7+ Ke8 21. Nf6# 1-0

[Event "SLO-chT Central Superliga 12th"]
[Site "Slovenia"]
[Date "2011.10.06"]
[Round "4.2"]
[White "Bogataj, Tomaz"]
[Black "Lucovnik, Tilen"]
[Result "1/2-1/2"]
[WhiteElo "1658"]
[BlackElo "1818"]
[PlyCount "95"]
[EventDate "2011.09.08"]
[EventType "team-tourn"]
[EventRounds "7"]
[EventCountry "SLO"]
[SourceTitle "EXT 2022"]
[Source "ChessBase"]
[SourceDate "2021.10.06"]
[SourceVersion "1"]
[SourceVersionDate "2021.10.06"]
[SourceQuality "1"]
[WhiteTeam "Podpec MKK"]
[BlackTeam "Komenda Pogi"]
[WhiteTeamCountry "SLO"]
[BlackTeamCountry "SLO"]

1. d4 e6 2. c4 b6 3. Nc3 Bb4 4. e3 Bb7 5. a3 Bxc3+ 6. bxc3 f5 7. Nf3 Nf6 8. Bd3 0-0 9. 0-0 Ne4 10. Nd2 Nxd2 11. Bxd2 Qg5 12. f3 d6 13. Qe2 Nd7 14. a4 a5 15. Qf2 e5 16. f4 exf4 17. exf4 Qf6 18. Rfe1 Rfe8 19. Re2 Kf7 20. Rae1 g6 21. Bc1 Nf8 22. Bb2 Ne6 23. Re3 Ng7 24. d5 Rxe3 25. Rxe3 Re8 26. g3 Rxe3 27. Qxe3 Qe7 28. Kf2 Ne8 29. Kf3 Nf6 30. h3 Nd7 31. Qxe7+ Kxe7 32. Ba3 Kf6 33. Ke3 h6 34. Bc2 Bc8 35. Bd1 g5 36. Kd4 Nf8 37. Bc1 gxf4 38. Bxf4 Kg6 39. Bc2 Kg7 40. Ke3 Ng6 41. Bd1 Nxf4 42. Kxf4 Kf6 43. Bc2 Bd7 44. Bd1 Be8 45. Bc2 Bd7 46. h4 Be8 47. Bd1 Bd7 48. Bc2 1/2-1/2

[Event "Ljubljana-chT 64th 1st League"]
[Site "Ljubljana"]
[Date "2011.02.19"]
[Round "5.3"]
[White "Bogataj, Tomaz"]
[Black "Kuncic, Milenko"]
[Result "1/2-1/2"]
[WhiteElo "1664"]
[BlackElo "1722"]
[PlyCount "100"]
[EventDate "2011.01.13"]
[EventType "team-tourn"]
[EventRounds "9"]
[EventCountry "SLO"]
[SourceTitle "EXT 2022"]
[Source "ChessBase"]
[SourceDate "2021.10.06"]
[SourceVersion "1"]
[SourceVersionDate "2021.10.06"]
[SourceQuality "1"]
[WhiteTeam "Podpec Invec"]
[BlackTeam "Zeleznicar"]
[WhiteTeamCountry "SLO"]
[BlackTeamCountry "SLO"]

1. d4 Nf6 2. c4 g6 3. Nc3 Bg7 4. e4 d6 5. h3 0-0 6. Nf3 Nbd7 7. Be3 e5 8. d5 c6 9. Be2 c5 10. 0-0 a6 11. Qc2 Nh5 12. g3 Nb6 13. Kg2 f5 14. exf5 Bxf5 15. Ne4 Nf6 16. Nfd2 h5 17. Bg5 Qd7 18. Rh1 Rf7 19. Bd3 Nxe4 20. Nxe4 Raf8 21. Raf1 Nc8 22. Qe2 b5 23. cxb5 axb5 24. Bxb5 Qb7 25. Nc3 Ne7 26. Bc4 Be6 27. Bxe7 Rxe7 28. f3 Bd7 29. g4 h4 30. Bd3 Be8 31. Rc1 Rf4 32. Ne4 Qb8 33. Rc2 Ref7 34. Rf1 Bf6 35. b3 Kg7 36. Bc4 Be7 37. a4 Qb4 38. Ra2 Bd7 39. a5 Rf8 40. a6 g5 41. Qb2 Bb5 42. Qe2 Bd7 43. Rfa1 Ra8 44. Qd3 Ra7 45. Qe3 Bb5 46. Qd3 Bd7 47. Qe2 Qb6 48. Qd2 Bb5 49. Qe2 Bd7 50. Qd2 Bb5 1/2-1/2

[Event "SLO-chT Central 2nd League"]
[Site "Slovenia"]
[Date "2010.10.07"]
[Round "4.1"]
[White "Copi, Ambroz"]
[Black "Bogataj, Tomaz"]
[Result "0-1"]
[WhiteElo "1592"]
[BlackElo "1607"]
[PlyCount "118"]
[EventDate "2010.09.09"]
[EventType "team-tourn"]
[EventRounds "9"]
[EventCountry "SLO"]
[SourceTitle "EXT 2022"]
[Source "ChessBase"]
[SourceDate "2021.10.06"]
[SourceVersion "1"]
[SourceVersionDate "2021.10.06"]
[SourceQuality "1"]
[WhiteTeam "Dolenjske Toplice"]
[BlackTeam "Podpec Invec"]
[WhiteTeamCountry "SLO"]
[BlackTeamCountry "SLO"]

1. d4 Nf6 2. c4 g6 3. Nc3 Bg7 4. e4 d6 5. Nf3 0-0 6. Be2 c6 7. 0-0 Qc7 8. Be3 Ng4 9. Bf4 e5 10. Bg3 exd4 11. Nxd4 Ne5 12. Nb3 f5 13. f3 f4 14. Bf2 b6 15. Nd4 Nbd7 16. a3 Nc5 17. b4 Ne6 18. Rc1 Nxd4 19. Bxd4 Be6 20. c5 dxc5 21. bxc5 b5 22. Qc2 Nxf3+ 23. Bxf3 Bxd4+ 24. Kh1 Be3 25. Rcd1 Bc4 26. Rfe1 Rad8 27. a4 a6 28. Be2 Bxe2 29. Nxe2 Qa5 30. h3 h5 31. Rxd8 Rxd8 32. Rd1 Qc7 33. Rxd8+ Qxd8 34. e5 Kf7 35. axb5 axb5 36. e6+ Kf6 37. Qc3+ Kxe6 38. Qc2 Kf7 39. Qa2+ Qd5 40. Qa7+ Kf6 41. Qa1+ Qe5 42. Qa8 Qxc5 43. Qd8+ Qe7 44. Qh8+ Kf5 45. Qc3 Qf6 46. Qd3+ Kg5 47. g3 Kh6 48. gxf4 Bxf4 49. Qf3 Be5 50. Qe3+ g5 51. Kg2 Qd6 52. h4 Qf6 53. Qd2 c5 54. Ng1 Bf4 55. Qd5 Be3 56. Nf3 g4 57. Kh2 gxf3 58. Qxf3 Bg1+ 59. Kxg1 Qxf3 0-1